| 000 | 00974cac a22002411u 4500 | ||
|---|---|---|---|
| 090 | _c3860 | ||
| 008 | 090113t 1994xxu||||| |||| 00| 0 eng d | ||
| 010 | _a 93086478 | ||
| 020 | _a 0070349134 (acid-free paper) | ||
| 082 |
_a650 _bGAY |
||
| 100 | _aGaynor, Patricia E. | ||
| 245 | 1 | 0 |
_aIntroduction to time-series modeling and forecasting in business and economics / _cPatricia E. Gaynor, Rickey C. Kirkpatrick. |
| 260 |
_aNew York : _bMcGraw-Hill, _cc1994. |
||
| 300 |
_axxi, 625 p. : _bill. ; _c25 cm. |
||
| 504 | _aIncludes bibliographical references (p. 602-605) and index. | ||
| 650 | 0 | _aTime-series analysis. | |
| 650 | 0 |
_aSocial sciences _xStatistical methods. |
|
| 650 | 0 | _aBusiness forecasting. | |
| 650 | 0 | _aEconomic forecasting. | |
| 700 | 1 | _aKirkpatrick, Rickey C. | |
| 942 |
_cBB _k650GAY _2ddc |
||
| 999 |
_c3860 _d3860 |
||